| 000 | 01006nam a2200277 a 4500 | ||
|---|---|---|---|
| 001 | BRCA_5316 | ||
| 005 | 20190320205029.0 | ||
| 008 | 021210s1981----fr-af#####---#000-0#fre-# | ||
| 041 | _afre | ||
| 044 | _afr | ||
| 050 | 4 |
_aND3363 _b.L47 1981 |
|
| 245 | 1 | 0 |
_aLes Trés Riches Heures _bdu Duc de Berry _cavant-propos de Charles Samaran ; introduction et légendes de Jean Longnon et Raymond Cazelles. |
| 250 | _a4 | ||
| 260 |
_aFrancia _bMusée Condé : Draeger _c1981 |
||
| 300 |
_a22 p. _bil., 139 láminas a color _c30 cm. |
||
| 500 | _aDonación Dr. Héctor Rivero Borrell Vázquez | ||
| 504 | _aIncluye referencias bibliográficas | ||
| 650 | 1 | 4 |
_aLibros de horas _vIlustraciones _xHistoria _913631 |
| 650 | 1 | 4 |
_aIluminación de libros y manuscritos, gótico _vIlustraciones _xHistoria _zFrancia _913632 |
| 700 | 1 |
_aSamaran, Charles _913633 |
|
| 700 | 1 |
_aLongnon, Jean _913634 |
|
| 700 | 1 |
_aCazelles, Raymond _913635 |
|
| 710 | 2 |
_aMusèe Condé (Chantilly) _913636 |
|
| 902 | _aDHR | ||
| 942 |
_2lcc _cB |
||
| 999 |
_c5010 _d5010 |
||